| 000 -LEADER |
| fixed length control field |
03404cam a2200421 a 4500 |
| 001 - CONTROL NUMBER |
| control field |
16224235 |
| 003 - CONTROL NUMBER IDENTIFIER |
| control field |
OSt |
| 005 - DATE AND TIME OF LATEST TRANSACTION |
| control field |
20210420063833.0 |
| 008 - FIXED-LENGTH DATA ELEMENTS--GENERAL INFORMATION |
| fixed length control field |
100510r20102007nyua b 001 0 eng |
| 010 ## - LIBRARY OF CONGRESS CONTROL NUMBER |
| LC control number |
2010292618 |
| 020 ## - INTERNATIONAL STANDARD BOOK NUMBER |
| International Standard Book Number |
081297381X |
| 020 ## - INTERNATIONAL STANDARD BOOK NUMBER |
| International Standard Book Number |
9780812973815 (pbk.) |
| 035 ## - SYSTEM CONTROL NUMBER |
| System control number |
(OCoLC)ocn213400968 |
| 040 ## - CATALOGING SOURCE |
| Original cataloging agency |
YDXCP |
| Transcribing agency |
YDXCP |
| Modifying agency |
BAKER |
| -- |
RL9 |
| -- |
DLC |
| 042 ## - AUTHENTICATION CODE |
| Authentication code |
lccopycat |
| 050 00 - LIBRARY OF CONGRESS CALL NUMBER |
| Classification number |
Q375 |
| Item number |
.T35 2010 |
| 080 ## - UNIVERSAL DECIMAL CLASSIFICATION NUMBER |
| Universal Decimal Classification number |
65 |
| Item number |
T-17 |
| 082 00 - DEWEY DECIMAL CLASSIFICATION NUMBER |
| Classification number |
003/.54 |
| Edition number |
22 |
| 100 1# - MAIN ENTRY--PERSONAL NAME |
| Personal name |
Taleb, Nassim Nicholas, |
| Dates associated with a name |
1960- |
| 245 14 - TITLE STATEMENT |
| Title |
The black swan : |
| Remainder of title |
the impact of the highly improbable / |
| Statement of responsibility, etc. |
Nassim Nicholas Taleb. |
| 250 ## - EDITION STATEMENT |
| Edition statement |
2nd ed., Random trade pbk. ed. |
| 260 ## - PUBLICATION, DISTRIBUTION, ETC. |
| Place of publication, distribution, etc. |
New York : |
| Name of publisher, distributor, etc. |
Random House Trade Paperbacks, |
| Date of publication, distribution, etc. |
c2010. |
| 300 ## - PHYSICAL DESCRIPTION |
| Extent |
xxxiii, 444 p. : |
| Other physical details |
ill. ; |
| Dimensions |
21 cm. |
| 500 ## - GENERAL NOTE |
| General note |
"Originally published in hardcover and in slightly different form in the United States ... by Random House in 2007."-T.p. verso. |
| 504 ## - BIBLIOGRAPHY, ETC. NOTE |
| Bibliography, etc. note |
Includes bibliographical references (p. [400]-429) and index. |
| 505 0# - FORMATTED CONTENTS NOTE |
| Formatted contents note |
Prologue -- Umberto Eco's antilibrary, or how we seek validation. The apprenticeship of an empirical skeptic ; Yevgenia's black swan ; The speculator and the prostitute ; One thousand and one days, or how not to be a sucker ; Confirmation shmonfirmation! ; The narrative fallacy ; Living in the antechamber of hope ; Giacomo Casanova's unfailing luck : the problem of silent evidence ; The Ludic fallacy, or the uncertainty of the nerd -- We just can't predict. The scandal of prediction ; How to look for bird poop ; Epistemocracy, a dream ; Appelles the Painter, or what do you do if you cannot predict? -- Those gray swans of Extremistan. From Mediocristan to Extremistan and back ; The bell curve, that great intellectual fraud ; The aesthetics of randomness ; Locke's madmen, or bell curves in the wrong places ; The uncertainty of the phony -- The end. Half and half, or how to get even with the black swan -- Epilogue : Yevgenia's white swans -- Postscript essay: on robustness an fragility, deeper philosophical and empirical reflections. Learning from mother nature, the oldest and the wisest ; Why I do all this walking, or how systems become fragile ; Margaritas ante porcos ; Asperger and the ontological black swan ; (Perhaps) the most useful problem in the history of modern philosophy ; Fourth quadrant, the solution to that most useful of problems ; What to do with the fourth quadrant ; Ten principles for a black-swan-robust society ; Amor fati: how to become indestructible. |
| 520 ## - SUMMARY, ETC. |
| Summary, etc. |
Examines the role of the unexpected, discussing why improbable events are not anticipated or understood properly, and how humans rationalize the black swan phenomenon to make it appear less random. |
| 650 #0 - SUBJECT ADDED ENTRY--TOPICAL TERM |
| Topical term or geographic name entry element |
Uncertainty (Information theory) |
| General subdivision |
Social aspects. |
| 650 #0 - SUBJECT ADDED ENTRY--TOPICAL TERM |
| Topical term or geographic name entry element |
Forecasting. |
| 653 ## - INDEX TERM--UNCONTROLLED |
| Uncontrolled term |
ბიზნესი |
| 700 ## - ADDED ENTRY--PERSONAL NAME |
| 9 (RLIN) |
412 |
| Personal name |
Taleb,Nassim, Nicholas |
| 856 41 - ELECTRONIC LOCATION AND ACCESS |
| Materials specified |
Sample text |
| Uniform Resource Identifier |
<a href="http://www.loc.gov/catdir/enhancements/fy1009/2010292618-s.html">http://www.loc.gov/catdir/enhancements/fy1009/2010292618-s.html</a> |
| 856 42 - ELECTRONIC LOCATION AND ACCESS |
| Materials specified |
Publisher description |
| Uniform Resource Identifier |
<a href="http://www.loc.gov/catdir/enhancements/fy1009/2010292618-d.html">http://www.loc.gov/catdir/enhancements/fy1009/2010292618-d.html</a> |
| 856 42 - ELECTRONIC LOCATION AND ACCESS |
| Materials specified |
Contributor biographical information |
| Uniform Resource Identifier |
<a href="http://www.loc.gov/catdir/enhancements/fy1009/2010292618-b.html">http://www.loc.gov/catdir/enhancements/fy1009/2010292618-b.html</a> |
| 906 ## - LOCAL DATA ELEMENT F, LDF (RLIN) |
| a |
7 |
| b |
cbc |
| c |
copycat |
| d |
2 |
| e |
ncip |
| f |
20 |
| g |
y-gencatlg |
| 942 ## - ADDED ENTRY ELEMENTS (KOHA) |
| Source of classification or shelving scheme |
|
| Koha item type |
Books |